<?xml version="1.0" encoding="UTF-8"?>
<record
    xmlns:xsi="http://www.w3.org/2001/XMLSchema-instance"
    xsi:schemaLocation="http://www.loc.gov/MARC21/slim http://www.loc.gov/standards/marcxml/schema/MARC21slim.xsd"
    xmlns="http://www.loc.gov/MARC21/slim">

  <leader>02129agaaa2200325   4500</leader>
  <controlfield tag="001">1573</controlfield>
  <controlfield tag="003">IT-RoPAU</controlfield>
  <controlfield tag="005">20220918181232.0</controlfield>
  <controlfield tag="007">d cvaizq</controlfield>
  <controlfield tag="008">50131s9999||||xx ||| |     ||   ||und||</controlfield>
  <datafield tag="040" ind1=" " ind2=" ">
    <subfield code="a">IT-RoPAU</subfield>
    <subfield code="c">IT-RoPAU</subfield>
  </datafield>
  <datafield tag="041" ind1=" " ind2=" ">
    <subfield code="a">ITALIANO</subfield>
  </datafield>
  <datafield tag="100" ind1=" " ind2=" ">
    <subfield code="a">Maselli Francesco</subfield>
    <subfield code="g">Codice regista SPICS: 1587</subfield>
    <subfield code="9">41054</subfield>
  </datafield>
  <datafield tag="130" ind1=" " ind2=" ">
    <subfield code="a">DELFINI (I)</subfield>
    <subfield code="9">41055</subfield>
  </datafield>
  <datafield tag="245" ind1=" " ind2=" ">
    <subfield code="a">DELFINI (I)</subfield>
    <subfield code="c">Prodotto da: Cristaldi Franco -- Sceneggiatura: De Concini Ennio Maselli Francesco Savioli Aggeo -- Diretto da: Maselli Francesco</subfield>
    <subfield code="p">DELFINI (I) (Rif. Codice opera principale : 21573)</subfield>
  </datafield>
  <datafield tag="250" ind1=" " ind2=" ">
    <subfield code="a">Edizione Standard</subfield>
  </datafield>
  <datafield tag="260" ind1=" " ind2=" ">
    <subfield code="a">(ITALIA)</subfield>
    <subfield code="b">LUX FILM - VIDES / Distribuzione: RAI</subfield>
    <subfield code="g">"1960 (1&#xB0; ed.: 1982 ; Ed. Lingua Orig.: 1960)"</subfield>
  </datafield>
  <datafield tag="300" ind1=" " ind2=" ">
    <subfield code="a">VHS</subfield>
    <subfield code="b">sonoro, col.</subfield>
    <subfield code="c">95 minuti</subfield>
  </datafield>
  <datafield tag="508" ind1=" " ind2=" ">
    <subfield code="a">"Fotografia: Di Venanzo Gianni; Montaggio: Mastroianni Ruggero; Musica: Fusco Giovanni; Sceneggiatura: De Concini Ennio Maselli Francesco Savioli Aggeo; Soggetto: Maselli Francesco -- Savioli Aggeo"</subfield>
  </datafield>
  <datafield tag="511" ind1=" " ind2=" ">
    <subfield code="a">"Cardinale Claudia; Blain Gerard; Blair Betsy; Lualdi Antonella; Ferrero A.M.; Milian"</subfield>
  </datafield>
  <datafield tag="520" ind1=" " ind2=" ">
    <subfield code="a">O DELFINI SONO ANSELMO ALBERTO MARINA ELSA E CHERE' TUTTI FIGLI DI RICCHI PAPA' IMPEGNATI A FAR TRASCORRERE IL TEMPO DI UNA CITTA' DI PROVINCIA IN UNA VITA FATUA VUOTA E VIZIATA FEDORA UNA RAGAZZA DI MODESTA CONDIZIONE PER DIVENTARE UNA DI LORO SI FA SPOSARE DA LABERTO E RINUNCIA ALLA PARTE MIGLIORE DI SE' AD APRIRLE GLI OCCHI PROVVEDE IL TRATTAMENTO CHE GLI ALTRI RISERVANO AD UNA DEL GRUPPO RIMASTA SENZA RICCHEZZE FEDORA LASCERA' LA CITTA'MENTRE I SUOI AMICI CONTINUANO A CONDURRE LA LORO INUTILE VITA DI BRILLANTE DISSIPAZIONE FILM IN BIANCO E NERO</subfield>
  </datafield>
  <datafield tag="538" ind1=" " ind2=" ">
    <subfield code="a">PAL, STEREO</subfield>
  </datafield>
  <datafield tag="546" ind1=" " ind2=" ">
    <subfield code="a">ITALIANO</subfield>
  </datafield>
  <datafield tag="650" ind1=" " ind2=" ">
    <subfield code="a">DRAMMATICO</subfield>
    <subfield code="e">FILMS [VHS]</subfield>
    <subfield code="x">Codice MATERIA SPICS: 9960</subfield>
    <subfield code="9">34083</subfield>
  </datafield>
  <datafield tag="700" ind1=" " ind2=" ">
    <subfield code="a">Fusco Giovanni</subfield>
    <subfield code="e">(musica)</subfield>
    <subfield code="g">Codice Musica SPICS: 22982</subfield>
    <subfield code="9">41056</subfield>
  </datafield>
  <datafield tag="700" ind1=" " ind2=" ">
    <subfield code="a">Maselli Francesco </subfield>
    <subfield code="e">(regista)</subfield>
    <subfield code="g">Codice regista SPICS: 1587</subfield>
    <subfield code="9">41057</subfield>
  </datafield>
  <datafield tag="700" ind1=" " ind2=" ">
    <subfield code="a">Maselli Francesco </subfield>
    <subfield code="e">(soggetto)</subfield>
    <subfield code="g">Codice Soggetto SPICS: 1587</subfield>
    <subfield code="9">41058</subfield>
  </datafield>
  <datafield tag="700" ind1=" " ind2=" ">
    <subfield code="a">Savioli Aggeo </subfield>
    <subfield code="e">(soggetto)</subfield>
    <subfield code="g">Codice Soggetto 2&#xB0; SPICS: 18407</subfield>
    <subfield code="9">41059</subfield>
  </datafield>
  <datafield tag="942" ind1=" " ind2=" ">
    <subfield code="c">VH</subfield>
    <subfield code="2">ddc</subfield>
  </datafield>
  <datafield tag="999" ind1=" " ind2=" ">
    <subfield code="c">105376</subfield>
    <subfield code="d">105376</subfield>
  </datafield>
  <datafield tag="952" ind1=" " ind2=" ">
    <subfield code="0">0</subfield>
    <subfield code="1">0</subfield>
    <subfield code="4">0</subfield>
    <subfield code="6">21573_000000000000000</subfield>
    <subfield code="7">1</subfield>
    <subfield code="a">SPICS</subfield>
    <subfield code="b">SPICS</subfield>
    <subfield code="d">2015-01-31</subfield>
    <subfield code="l">0</subfield>
    <subfield code="o">21573</subfield>
    <subfield code="r">2015-01-31 00:00:00</subfield>
    <subfield code="w">2015-01-31</subfield>
    <subfield code="y">VH</subfield>
    <subfield code="z">Progr. Ins.: 1369 / N.Vol.:1 / Copie: 1 / Pag.: / Copia rara: n.d. / date import: 1.2.2015 / By Epidotti, Trombetti, Vaglietti</subfield>
  </datafield>
</record>
